Tribal Research in India : (Record no. 123012)
[ view plain ]
| 000 -LEADER | |
|---|---|
| fixed length control field | 00814nam a22002417a 4500 |
| 005 - DATE AND TIME OF LATEST TRANSACTION | |
| control field | 20170124105919.0 |
| 010 ## - LIBRARY OF CONGRESS CONTROL NUMBER | |
| LC control number | A-705472 |
| 020 ## - INTERNATIONAL STANDARD BOOK NUMBER | |
| Terms of availability | 00.00 |
| International Standard Book Number | 8121003180 |
| 035 ## - SYSTEM CONTROL NUMBER | |
| System control number | A-705472 |
| 037 ## - SOURCE OF ACQUISITION | |
| Source of stock number/acquisition | Cen Lib/Ret |
| 040 ## - CATALOGING SOURCE | |
| Original cataloging agency | DPL |
| Language of cataloging | EN |
| 082 ## - DEWEY DECIMAL CLASSIFICATION NUMBER | |
| Classification number | 307.772 |
| Item number | PAT |
| 100 ## - MAIN ENTRY--PERSONAL NAME | |
| Personal name | Patel,M.L. |
| 9 (RLIN) | 3636 |
| 245 ## - TITLE STATEMENT | |
| Title | Tribal Research in India : |
| Statement of responsibility, etc | by M.L.Patel |
| Remainder of title | approach,constraints,structure and techniques / |
| 260 ## - PUBLICATION, DISTRIBUTION, ETC. (IMPRINT) | |
| Place of publication, distribution, etc | New Delhi |
| Name of publisher, distributor, etc | Inter-India Publications |
| Date of publication, distribution, etc | 1994 |
| 270 ## - ADDRESS | |
| Address | D-17,Raja Garden |
| City | New Delhi |
| Postal code | 110015 |
| 300 ## - PHYSICAL DESCRIPTION | |
| Extent | 295p. |
| Dimensions | 21cm(Hb) |
| 490 ## - SERIES STATEMENT | |
| Series statement | Tribal studies of India series |
| Volume number/sequential designation | 163 |
| 500 ## - GENERAL NOTE | |
| General note | Includes bibliographical reference and index |
| 650 ## - SUBJECT ADDED ENTRY--TOPICAL TERM | |
| Topical term or geographic name as entry element | Tribes-Research -India |
| 9 (RLIN) | 73300 |
| 650 ## - SUBJECT ADDED ENTRY--TOPICAL TERM | |
| Topical term or geographic name as entry element | India -- Scheduled tribes -- Research. |
| 9 (RLIN) | 73301 |
| 942 ## - ADDED ENTRY ELEMENTS (KOHA) | |
| Source of classification or shelving scheme | Dewey Decimal Classification |
| Koha item type | English Books |
| Classification part | 307.772 |
| Call number suffix | PAT |
| Withdrawn status | Lost status | Damaged status | Not for loan | Home library | Current library | Date acquired | Source of acquisition | Cost, normal purchase price | Total Checkouts | Full call number | Barcode | Date last seen | Copy number | Cost, replacement price | Price effective from | Koha item type | Public note |
|---|---|---|---|---|---|---|---|---|---|---|---|---|---|---|---|---|---|
| Written off | Central Library | Central Library | 01/06/2015 | Cen Lib/Ret | 0.00 | 307.772 PAT | A-705472 | 01/06/2015 | 1 | 0.00 | 01/06/2015 | English Books | W/d list no. 6842/16 |
